[Event "Norway Chess op-A"]
[Site "Stavanger"]
[Date "2025.05.27"]
[Round "7"]
[White "Pivi, Mauro"]
[Black "Simonsen, David Mindestrommen"]
[Result "0-1"]
[WhiteElo "1997"]
[BlackElo "2104"]
[PlyCount "77"]
[EventDate "2025.05.27"]
[EventType "swiss"]
[EventRounds "9"]
[EventCountry "NOR"]
[SourceTitle "CB23_2025"]
[SourceDate "2025.06.04"]
[SourceVersion "1"]
[SourceVersionDate "2025.06.04"]
[SourceQuality "1"]

1. e4 c5 2. Nf3 d6 3. d4 cxd4 4. Qxd4 Nc6 5. Bb5 Bd7 6. Bxc6 Bxc6 7. Nc3 Nf6 8. Bg5 e6 9. 0-0-0 Be7 10. Rhe1 0-0 11. Kb1 h6 12. Bh4 b5 13. Nd2 a5 14. f3 Qc7 15. g4 b4 16. Ne2 Nxe4 17. Bxe7 Nxd2+ 18. Rxd2 Qxe7 19. f4 Rfd8 20. Ng3 Qa7 21. Qd3 a4 22. c3 a3 23. b3 bxc3 24. Qxc3 Rac8 25. Qe3 Qa5 26. Red1 Bd5 27. Rc1 Rc5 28. Rdc2 Rdc8 29. Rxc5 Rxc5 30. Rxc5 dxc5 31. Kc2 c4 32. b4 Qa4+ 33. Kd2 Qxb4+ 34. Qc3 Qb2+ 35. Qxb2 axb2 36. Kc2 c3 37. Kb1 Bc4 38. a4 Bd3+ 39. Ka2 0-1

[Event "Norway Chess op-A"]
[Site "Stavanger"]
[Date "2025.05.27"]
[Round "8"]
[White "Simonsen, David Mindestrommen"]
[Black "Pintor, Simao Maciel Abranc"]
[Result "1-0"]
[WhiteElo "2104"]
[BlackElo "2021"]
[PlyCount "73"]
[EventDate "2025.05.27"]
[EventType "swiss"]
[EventRounds "9"]
[EventCountry "NOR"]
[SourceTitle "CB23_2025"]
[SourceDate "2025.06.04"]
[SourceVersion "1"]
[SourceVersionDate "2025.06.04"]
[SourceQuality "1"]

1. e4 c5 2. Nf3 Nc6 3. Bb5 g6 4. 0-0 Bg7 5. Re1 Nf6 6. e5 Nd5 7. Nc3 Nc7 8. Bxc6 dxc6 9. Ne4 Ne6 10. d3 0-0 11. Be3 b6 12. Qd2 Re8 13. Bh6 Bh8 14. Neg5 f6 15. Nxe6 Bxe6 16. Qf4 Qd7 17. h4 Bg4 18. Nh2 Be6 19. Qg3 Rad8 20. h5 Kf7 21. Nf3 Bd5 22. c4 Be6 23. Qf4 Kg8 24. Re3 Bg4 25. Nh2 Bf5 26. g4 Be6 27. Rae1 gxh5 28. gxh5 Kf7 29. Nf3 Kg8 30. Kh1 Rf8 31. exf6 Bxf6 32. Bxf8 Rxf8 33. Rxe6 Qxd3 34. Rg1+ Kh8 35. Ng5 h6 36. Nf7+ Rxf7 37. Qb8+ 1-0

[Event "Norway Chess op-A"]
[Site "Stavanger"]
[Date "2025.05.27"]
[Round "4"]
[White "Simonsen, David Mindestrommen"]
[Black "Srikant Koduri, Advaitt"]
[Result "1/2-1/2"]
[WhiteElo "2104"]
[BlackElo "1988"]
[PlyCount "251"]
[EventDate "2025.05.27"]
[EventType "swiss"]
[EventRounds "9"]
[EventCountry "NOR"]
[SourceTitle "CB23_2025"]
[SourceDate "2025.06.04"]
[SourceVersion "1"]
[SourceVersionDate "2025.06.04"]
[SourceQuality "1"]

1. e4 c6 2. d4 d5 3. exd5 cxd5 4. Bd3 Nf6 5. h3 Nc6 6. c3 e5 7. dxe5 Nxe5 8. Nf3 Nxd3+ 9. Qxd3 Be7 10. 0-0 0-0 11. Be3 Be6 12. Nbd2 Qd7 13. Nd4 Bd6 14. Bg5 Ne8 15. Rfe1 Nc7 16. Qf3 b5 17. Bf4 Rad8 18. a3 Rfe8 19. Re2 a6 20. Rae1 h6 21. N2b3 Bxf4 22. Qxf4 Qd6 23. Qxd6 Rxd6 24. f3 g6 25. Kf2 Kg7 26. g4 Kf6 27. h4 Ra8 28. Nc5 a5 29. g5+ hxg5 30. hxg5+ Kxg5 31. Ncxe6+ fxe6 32. Nxe6+ Nxe6 33. Rxe6 Rxe6 34. Rxe6 b4 35. Re5+ Kf6 36. Rxd5 bxc3 37. bxc3 Rc8 38. Rxa5 Rxc3 39. Kg3 g5 40. a4 Kg6 41. Ra8 Rc4 42. a5 Ra4 43. a6 Kg7 44. a7 Kh7 45. Kf2 Ra3 46. Ke2 Kg7 47. Kd2 Kh7 48. Kc2 Kg7 49. Kb2 Ra4 50. Kb3 Ra1 51. Kc4 Ra5 52. Kb4 Ra1 53. Kc5 Rc1+ 54. Kb6 Rb1+ 55. Kc6 Rc1+ 56. Kd6 Ra1 57. Ke5 Ra5+ 58. Ke6 Ra6+ 59. Kf5 Ra5+ 60. Kg4 Kh7 61. Kh5 Kg7 62. Kg4 Kh7 63. Kg3 Ra4 64. Kf2 Ra3 65. Ke2 Kg7 66. Kd2 Kh7 67. Kc2 Kg7 68. Kb2 Ra4 69. Kb3 Ra1 70. Kc4 Rc1+ 71. Kb5 Rb1+ 72. Kc6 Rc1+ 73. Kd6 Ra1 74. Ke5 Ra5+ 75. Ke6 Ra6+ 76. Ke7 Ra1 77. Ke6 Ra6+ 78. Kf5 Ra5+ 79. Kg4 Kh7 80. Re8 Rxa7 81. Kxg5 Kg7 82. f4 Ra6 83. Re7+ Kf8 84. Re5 Kf7 85. Rb5 Rc6 86. Rb7+ Kf8 87. Rh7 Ra6 88. f5 Rb6 89. Rh8+ Kg7 90. Re8 Kf7 91. Re1 Ra6 92. Rc1 Rb6 93. Rc7+ Kf8 94. Kf4 Rb5 95. Rc6 Kf7 96. Kg5 Rb7 97. Rh6 Rb5 98. Rh7+ Kg8 99. Re7 Rb6 100. Re6 Rb7 101. Kg6 Rg7+ 102. Kf6 Rf7+ 103. Ke5 Ra7 104. Rd6 Kf7 105. Kf4 Ra1 106. Rd7+ Kf6 107. Rd6+ Kf7 108. Rd4 Rf1+ 109. Ke5 Re1+ 110. Re4 Rxe4+ 111. Kxe4 Kf6 112. Kf4 Kf7 113. Ke5 Ke7 114. Ke4 Kf6 115. Kf4 Kf7 116. Kg5 Kg7 117. f6+ Kf7 118. Kf5 Kf8 119. Ke6 Ke8 120. Kf5 Kf7 121. Kg5 Kf8 122. Kf5 Kf7 123. Ke5 Kf8 124. Ke6 Ke8 125. f7+ Kf8 126. Kf6 1/2-1/2

[Event "Norway Chess op-A"]
[Site "Stavanger"]
[Date "2025.05.27"]
[Round "3"]
[White "Weller, Uli"]
[Black "Simonsen, David Mindestrommen"]
[Result "1/2-1/2"]
[WhiteElo "2223"]
[BlackElo "2104"]
[PlyCount "61"]
[EventDate "2025.05.27"]
[EventType "swiss"]
[EventRounds "9"]
[EventCountry "NOR"]
[SourceTitle "CB23_2025"]
[SourceDate "2025.06.04"]
[SourceVersion "1"]
[SourceVersionDate "2025.06.04"]
[SourceQuality "1"]

1. e4 c5 2. Nf3 d6 3. d4 cxd4 4. Nxd4 Nf6 5. Nc3 a6 6. Qf3 e5 7. Nf5 Qc7 8. Bg5 Bxf5 9. exf5 Nbd7 10. 0-0-0 Rc8 11. Bd3 Qc6 12. Qxc6 Rxc6 13. Be2 Be7 14. Bf3 Rc7 15. Bxf6 Nxf6 16. g4 g5 17. Nd5 Nxd5 18. Rxd5 Rc4 19. Kd2 h5 20. h3 hxg4 21. hxg4 Rxh1 22. Bxh1 Rxg4 23. f6 Bxf6 24. Rxd6 Rd4+ 25. Rxd4 exd4 26. Bxb7 a5 27. Kd3 Kd7 28. Bd5 Kd6 29. Bxf7 Kc5 30. Ke4 Be7 31. Bg8 1/2-1/2

[Event "Fagernes op"]
[Site "Fagernes"]
[Date "2025.04.16"]
[Round "5"]
[White "Simonsen, David Mindestrommen"]
[Black "Blomqvist, Erik"]
[Result "0-1"]
[WhiteElo "2034"]
[BlackElo "2475"]
[PlyCount "68"]
[EventDate "2025.04.13"]
[EventType "swiss"]
[EventRounds "9"]
[EventCountry "NOR"]
[SourceTitle "CB17_2025"]
[SourceDate "2025.04.23"]
[SourceVersion "1"]
[SourceVersionDate "2025.04.23"]
[SourceQuality "1"]

1. e4 e6 2. d4 d5 3. e5 c5 4. c3 Nc6 5. Nf3 Bd7 6. Be2 Rc8 7. 0-0 h6 8. a3 Nge7 9. Be3 Nf5 10. Nbd2 cxd4 11. cxd4 a5 12. Qb3 a4 13. Qa2 g5 14. h3 Nxe3 15. fxe3 h5 16. g4 hxg4 17. hxg4 f6 18. Bd3 Qc7 19. Kg2 Bg7 20. exf6 Bxf6 21. Rh1 Ke7 22. Rae1 Rcg8 23. Rxh8 Rxh8 24. Nf1 Na5 25. Ng3 Nb3 26. Qb1 e5 27. e4 Bxg4 28. Nxe5 Bxe5 29. dxe5 Nd2 30. Qc1 Bf3+ 31. Kf2 Rh2+ 32. Kg1 Qb6+ 33. Kxh2 Qf2+ 34. Kh3 Qg2# 0-1

[Event "NOR-chT Elite 2425"]
[Site "Norway"]
[Date "2025.02.07"]
[Round "4.26"]
[White "Simonsen, David Mindestrommen"]
[Black "Lindsoe, Fredrik Aunan"]
[Result "1/2-1/2"]
[WhiteElo "2015"]
[BlackElo "2042"]
[PlyCount "35"]
[EventDate "2024.10.25"]
[EventType "team-tourn"]
[EventRounds "9"]
[EventCountry "NOR"]
[SourceTitle "CB16_2025"]
[SourceDate "2025.04.16"]
[SourceVersion "1"]
[SourceVersionDate "2025.04.16"]
[SourceQuality "1"]
[WhiteTeam "Stavanger"]
[BlackTeam "Offerspill"]
[WhiteTeamCountry "NOR"]
[BlackTeamCountry "NOR"]

1. e4 c5 2. Nc3 g6 3. d4 Bg7 4. dxc5 Qa5 5. Nge2 Nf6 6. f3 Qxc5 7. Qd3 Nc6 8. Be3 Qa5 9. Qd2 0-0 10. 0-0-0 b5 11. Kb1 e6 12. Nc1 b4 13. Nb5 d5 14. Nb3 Qa4 15. Nc5 Qa5 16. Nb3 Qa4 17. Nc5 Qa5 18. Nb3 1/2-1/2

[Event "NOR-chT Elite 2425"]
[Site "Norway"]
[Date "2024.12.07"]
[Round "2.36"]
[White "Simonsen, David Mindestrommen"]
[Black "Holleland, Sigve"]
[Result "1-0"]
[WhiteElo "2015"]
[BlackElo "2196"]
[PlyCount "47"]
[EventDate "2024.10.25"]
[EventType "team-tourn"]
[EventRounds "9"]
[EventCountry "NOR"]
[SourceTitle "CB16_2025"]
[SourceDate "2025.04.16"]
[SourceVersion "1"]
[SourceVersionDate "2025.04.16"]
[SourceQuality "1"]
[WhiteTeam "Stavanger"]
[BlackTeam "Barum"]
[WhiteTeamCountry "NOR"]
[BlackTeamCountry "NOR"]

1. e4 e5 2. Nf3 Nc6 3. Bc4 Nf6 4. Ng5 d5 5. exd5 Na5 6. Bb5+ c6 7. dxc6 bxc6 8. Bd3 Nd5 9. Nf3 Bd6 10. 0-0 Nf4 11. Re1 0-0 12. Bf1 Ng6 13. d4 Qc7 14. dxe5 Nxe5 15. Nxe5 Bxe5 16. Qh5 f6 17. Nd2 g6 18. Qh4 Rb8 19. Nc4 Nxc4 20. Bxc4+ Kh8 21. Bh6 Rd8 22. Bf4 Rd4 23. Qxf6+ Bxf6 24. Re8+ 1-0

[Event "NOR-chT Elite 2425"]
[Site "Norway"]
[Date "2024.12.06"]
[Round "1.46"]
[White "Hellerud, Lauritz Nissen"]
[Black "Simonsen, David Mindestrommen"]
[Result "0-1"]
[WhiteElo "1793"]
[BlackElo "2015"]
[PlyCount "84"]
[EventDate "2024.10.25"]
[EventType "team-tourn"]
[EventRounds "9"]
[EventCountry "NOR"]
[SourceTitle "CB16_2025"]
[SourceDate "2025.04.16"]
[SourceVersion "1"]
[SourceVersionDate "2025.04.16"]
[SourceQuality "1"]
[WhiteTeam "Oslo SK 1911"]
[BlackTeam "Stavanger"]
[WhiteTeamCountry "NOR"]
[BlackTeamCountry "NOR"]

1. c4 Nf6 2. Nc3 d5 3. cxd5 Nxd5 4. g3 e5 5. Bg2 Nb6 6. e3 Nc6 7. Nge2 Be7 8. 0-0 0-0 9. f4 exf4 10. Nxf4 a5 11. d4 a4 12. a3 Re8 13. Nfd5 Bf8 14. Nxb6 cxb6 15. Qf3 Be6 16. Qf2 Bc4 17. Re1 g6 18. Bf1 Bxf1 19. Rxf1 Qd7 20. Qf3 Bg7 21. Nd5 Rad8 22. Nxb6 Nxd4 23. exd4 Qxd4+ 24. Kh1 Qxb6 25. Qxf7+ Kh8 26. Bg5 Rf8 27. Qe7 Rfe8 28. Qf7 Rf8 29. Qe7 Rde8 30. Rxf8+ Rxf8 31. Re1 Qxb2 32. Bf4 Qf2 33. Qe4 b5 34. Be5 Qf3+ 35. Qxf3 Rxf3 36. Bxg7+ Kxg7 37. Re5 Rb3 38. Re7+ Kf6 39. Rxh7 Rxa3 40. Rb7 Rb3 41. h4 a3 42. Ra7 Rxg3 0-1

[Event "Fagernes Autumn op"]
[Site "Fagernes"]
[Date "2024.10.12"]
[Round "8"]
[White "Mannion, Stephen R"]
[Black "Simonsen, David Mindestrommen"]
[Result "1/2-1/2"]
[WhiteElo "2142"]
[BlackElo "1930"]
[PlyCount "84"]
[EventDate "2024.10.06"]
[EventType "swiss"]
[EventRounds "9"]
[EventCountry "NOR"]
[SourceTitle "CB42_2024"]
[Source "ChessBase"]
[SourceDate "2024.10.16"]
[SourceVersion "1"]
[SourceVersionDate "2024.10.16"]
[SourceQuality "1"]

1. e4 c5 2. Nf3 d6 3. d4 cxd4 4. Nxd4 Nf6 5. Nc3 a6 6. f4 e5 7. Nf3 Nbd7 8. a4 Qc7 9. Bd3 Be7 10. 0-0 0-0 11. Kh1 Nc5 12. Qe1 Re8 13. fxe5 dxe5 14. Qg3 Be6 15. Ng5 Nxd3 16. Nxe6 fxe6 17. cxd3 Rf8 18. Be3 Nd7 19. Qg4 Qd6 20. Bh6 Rxf1+ 21. Rxf1 Bf8 22. h4 Kh8 23. Bg5 Be7 24. Rf7 Nf6 25. Qg3 Rf8 26. Rxf8+ Bxf8 27. Qf3 Be7 28. g4 Nd7 29. Bxe7 Qxe7 30. g5 Kg8 31. Kg2 Qb4 32. Qe2 Nc5 33. Qc2 Qd4 34. Ne2 Qxd3 35. Qxc5 Qxe2+ 36. Kg3 Qe1+ 37. Kh3 Qf1+ 38. Kg3 Qf4+ 39. Kh3 Qf3+ 40. Kh2 Qf4+ 41. Kh3 Qf3+ 42. Kh2 Qf4+ 1/2-1/2

[Event "Fagernes Autumn op"]
[Site "Fagernes"]
[Date "2024.10.11"]
[Round "7"]
[White "Simonsen, David Mindestrommen"]
[Black "Hetland, Even Huneide"]
[Result "1-0"]
[WhiteElo "1930"]
[BlackElo "1970"]
[PlyCount "53"]
[EventDate "2024.10.06"]
[EventType "swiss"]
[EventRounds "9"]
[EventCountry "NOR"]
[SourceTitle "CB42_2024"]
[Source "ChessBase"]
[SourceDate "2024.10.16"]
[SourceVersion "1"]
[SourceVersionDate "2024.10.16"]
[SourceQuality "1"]

1. e4 e6 2. d4 d5 3. e5 c5 4. c3 Nc6 5. Nf3 Bd7 6. Be2 Nge7 7. Na3 cxd4 8. cxd4 Nf5 9. Nc2 Qb6 10. 0-0 Na5 11. Bd3 Bb5 12. Ne3 Nxe3 13. fxe3 Bxd3 14. Qxd3 Be7 15. Bd2 Nc6 16. h4 f6 17. exf6 gxf6 18. e4 0-0-0 19. Rae1 dxe4 20. Qxe4 Nxd4 21. Be3 Bc5 22. Rc1 Ne2+ 23. Kf2 Nxc1 24. Rxc1 Kb8 25. Rxc5 Qxb2+ 26. Rc2 Qb1 27. Rc8+ 1-0

[Event "Norway Chess op"]
[Site "Stavanger"]
[Date "2024.05.29"]
[Round "8"]
[White "Simonsen, David Mindestrommen"]
[Black "Hetland, Even Huneide"]
[Result "1-0"]
[WhiteElo "1942"]
[BlackElo "1903"]
[PlyCount "59"]
[EventDate "2024.05.24"]
[EventType "swiss"]
[EventRounds "9"]
[EventCountry "NOR"]
[SourceTitle "CBM 220 Extra"]
[Source "ChessBase"]
[SourceDate "2024.07.31"]
[SourceVersion "1"]
[SourceVersionDate "2024.07.31"]
[SourceQuality "1"]

1. e4 e6 2. d4 d5 3. e5 c5 4. c3 Nc6 5. Nf3 Bd7 6. Be2 Nge7 7. Na3 cxd4 8. cxd4 Nf5 9. Nc2 Be7 10. 0-0 Qb6 11. Bd3 a5 12. Rb1 0-0 13. g4 Nh6 14. Bxh6 gxh6 15. h4 Kh8 16. Qd2 f5 17. gxf5 exf5 18. Qxh6 Rg8+ 19. Kh2 Rg6 20. Qh5 Na7 21. Rg1 Rag8 22. Bxf5 Bxf5 23. Qxf5 Rf8 24. Rxg6 hxg6 25. Qg4 Qc6 26. Ne3 Nb5 27. Rg1 Rg8 28. e6 Bf6 29. Qf4 Bg7 30. Rxg6 1-0

[Event "Norway Chess op"]
[Site "Stavanger"]
[Date "2024.05.27"]
[Round "6"]
[White "Simonsen, David Mindestrommen"]
[Black "Cornileau, Raphael"]
[Result "1/2-1/2"]
[WhiteElo "1942"]
[BlackElo "1784"]
[PlyCount "87"]
[EventDate "2024.05.24"]
[EventType "swiss"]
[EventRounds "9"]
[EventCountry "NOR"]
[SourceTitle "CBM 220 Extra"]
[Source "ChessBase"]
[SourceDate "2024.07.31"]
[SourceVersion "1"]
[SourceVersionDate "2024.07.31"]
[SourceQuality "1"]

1. e4 e5 2. Nf3 Nc6 3. Bc4 Bc5 4. c3 Nf6 5. d4 exd4 6. e5 d5 7. Bb5 Ne4 8. cxd4 Bb6 9. Be3 0-0 10. Nc3 Bg4 11. h3 Bh5 12. Qc2 Nxc3 13. bxc3 f6 14. exf6 Qxf6 15. Be2 Na5 16. Ne5 Bxe2 17. Qxe2 Qe6 18. 0-0 c6 19. f4 Bc7 20. Rae1 Nc4 21. g4 Bxe5 22. fxe5 Qg6 23. Bf4 Qe6 24. Kg2 Rf7 25. Rf2 Raf8 26. Ref1 b5 27. Kg3 Nb6 28. h4 a5 29. g5 a4 30. h5 Nc8 31. Qg4 Qxg4+ 32. Kxg4 Re8 33. g6 hxg6 34. hxg6 Rfe7 35. Bc1 Re6 36. Kf5 c5 37. Ba3 b4 38. cxb4 cxd4 39. Re1 Nb6 40. Bb2 d3 41. Rh2 Nc4 42. Reh1 Rxe5+ 43. Bxe5 Rxe5+ 44. Kf4 1/2-1/2

[Event "Norway Chess op"]
[Site "Stavanger"]
[Date "2024.05.25"]
[Round "3"]
[White "Lien, Sebastian"]
[Black "Simonsen, David Mindestrommen"]
[Result "0-1"]
[WhiteElo "1861"]
[BlackElo "1942"]
[PlyCount "80"]
[EventDate "2024.05.24"]
[EventType "swiss"]
[EventRounds "9"]
[EventCountry "NOR"]
[SourceTitle "CBM 220 Extra"]
[Source "ChessBase"]
[SourceDate "2024.07.31"]
[SourceVersion "1"]
[SourceVersionDate "2024.07.31"]
[SourceQuality "1"]

1. d4 Nf6 2. c4 g6 3. Nc3 d5 4. Nf3 Bg7 5. Qb3 dxc4 6. Qxc4 0-0 7. e4 a6 8. Bf4 b5 9. Qxc7 Nbd7 10. Qxd8 Rxd8 11. e5 Nh5 12. Be3 Nb6 13. Bd3 Bf8 14. Ke2 b4 15. Ne4 Nd5 16. Bc4 Nhf4+ 17. Kf1 Be6 18. Bxd5 Bxd5 19. Bxf4 Bxe4 20. Be3 Rac8 21. Ne1 f6 22. exf6 exf6 23. Ke2 f5 24. Rd1 Bg7 25. Rd2 Rc1 26. Rg1 Re8 27. Rd1 Rc4 28. b3 Rc3 29. g3 g5 30. Kd2 Rec8 31. f3 Bd5 32. Nd3 Rc2+ 33. Ke1 Re8 34. Ne5 Bxe5 35. dxe5 Rxe5 36. Rd3 Bxf3 37. h4 Re2+ 38. Kf1 R5xe3 39. Rd8+ Kf7 40. hxg5 Bg4 0-1

[Event "Norway Chess op"]
[Site "Stavanger"]
[Date "2023.05.31"]
[Round "7"]
[White "Kleinert, Juergen"]
[Black "Simonsen, David Mindestrommen"]
[Result "0-1"]
[WhiteElo "1835"]
[BlackElo "1797"]
[PlyCount "92"]
[EventDate "2023.05.27"]
[EventType "swiss"]
[EventRounds "10"]
[EventCountry "NOR"]
[SourceTitle "CBM 214 Extra"]
[Source "ChessBase"]
[SourceDate "2023.07.31"]
[SourceVersion "1"]
[SourceVersionDate "2023.07.31"]
[SourceQuality "1"]

1. e4 e5 2. Nc3 Nf6 3. f4 d5 4. fxe5 Nxe4 5. Nf3 Bc5 6. d4 Bb4 7. Bd2 c5 8. Bb5+ Nc6 9. a3 Bxc3 10. Bxc3 0-0 11. Bxc6 bxc6 12. dxc5 Nxc3 13. bxc3 Qa5 14. Qd4 Ba6 15. Kf2 Rab8 16. Nd2 Rb2 17. Rhc1 Rfb8 18. Kg1 Bc4 19. Nxc4 dxc4 20. Qxc4 Re8 21. Rf1 Qc7 22. Rae1 Qe7 23. Rf2 Rb5 24. Ref1 Rf8 25. e6 f6 26. Rd1 Rxc5 27. Qe4 Re8 28. Rd7 Qxe6 29. Qxe6+ Rxe6 30. Kf1 Rxc3 31. Rxa7 Kf8 32. Rd2 Re7 33. Rd8+ Kf7 34. Rxe7+ Kxe7 35. Rd2 Rxa3 36. Ke2 Rc3 37. Kd1 Rc5 38. Re2+ Re5 39. Rf2 Kd6 40. Kd2 Kd5 41. Rf4 f5 42. Kd3 g6 43. Rd4+ Kc5 44. Rd7 Rd5+ 45. Rxd5+ cxd5 46. c3 f4 0-1